000 01105nam a2200241 a 4500
003 BD-DhJNU
005 20260113071013.0
008 251108s2016 bg |||g |||| 000 1|ben|d
020 _a9789848830560
040 _aBD-DhJNU
_bben
_cBD-DhJNU
_dBD-DhJNU
041 _aben
082 _a709.2 LEO
_223
245 1 0 _aলিওনার্দো দা ভিঞ্চি নোটবুক -১ম খণ্ড /
_cসন্দীপন ভট্টাচার্য (অনুবাদক)
246 _aLeonardo da Vinci notebook -1m khondo
250 _a1st ed.
260 _aঢাকা :
_bদিব্যপ্রকাশ,
_c2016.
300 _a১৭৬ পৃ. :
_bচিত্র ;
_c২১ সেমি.।
504 _aগ্রন্থপঞ্জিগত নির্দেশিকা ও নিঘন্ট অন্তভূক্ত
650 _aশিল্পী ও বিজ্ঞানীর চিন্তাধারা
650 _aArtist’s notebooks
700 a _aভট্টাচার্য, সন্দীপন
_e(অনুবাদক)
942 _cBK
999 _c2523
_d2523